[Event "ROM-ch U10 Girls"]
[Site "Baile Felix"]
[Date "2017.02.08"]
[Round "8"]
[White "Stroia, Nadina Stefania"]
[Black "Pufleni, Maria"]
[Result "0-1"]
[WhiteElo "1198"]
[BlackElo "1135"]
[PlyCount "76"]
[EventDate "2017.02.02"]
[EventType "swiss"]
[EventRounds "9"]
[EventCountry "ROU"]
[SourceTitle "CBM 176 Extra"]
[Source "ChessBase"]
[SourceDate "2017.03.02"]
[SourceVersion "1"]
[SourceVersionDate "2017.03.02"]
[SourceQuality "1"]

1. e4 c5 2. Nf3 d6 3. d4 cxd4 4. Nxd4 g6 5. Bb5+ Bd7 6. Bxd7+ Nxd7 7. Nc3 Bg7 8. Be3 Ngf6 9. Qd2 0-0 10. f4 Rc8 11. e5 dxe5 12. fxe5 Nxe5 13. 0-0-0 Nc4 14. Qd3 Nxe3 15. Qxe3 Ng4 16. Qe2 Bh6+ 17. Kb1 Qd7 18. h3 Ne3 19. Rd3 Nd5 20. Nxd5 Qxd5 21. Rg1 Rfe8 22. Nb3 Qc4 23. Rd2 Bxd2 24. Qxc4 Rxc4 25. Nxd2 Rc7 26. Re1 Rec8 27. Rc1 e5 28. b3 Re8 29. g4 e4 30. Re1 Rce7 31. Nc4 Rd8 32. Nd2 Rxd2 33. Kc1 Rh2 34. Re3 Rf2 35. Kd1 Rf3 36. Rxf3 exf3 37. Kc1 f2 38. Kb2 f1Q 0-1